Zmluva medzi Slovenskou republikou a Luxemburským veľkovojvodstvom o sociálnom zabezpečení

Úprava vzájomných vzťahov v oblasti sociálneho zabezpečenia medzi SR a Luxemburským veľkovojvodstvom na základe zmluvy o sociálnom zabezpečení. Zmluva nadobudla platnosť 1.2.2004.

Guardado en:
Detalles Bibliográficos
Formato: Capítulo de libro
Lenguaje:eslovaco
Materias:
Etiquetas: Agregar Etiqueta
Sin Etiquetas, Sea el primero en etiquetar este registro!

MARC

LEADER 00000naa$a2200000$$$4500
001 0008715
005 20230925073956.0
041 0 |a slo 
044 |a SK 
245 1 0 |a Zmluva medzi Slovenskou republikou a Luxemburským veľkovojvodstvom o sociálnom zabezpečení 
520 |a Úprava vzájomných vzťahov v oblasti sociálneho zabezpečenia medzi SR a Luxemburským veľkovojvodstvom na základe zmluvy o sociálnom zabezpečení. Zmluva nadobudla platnosť 1.2.2004. 
610 2 0 |a Slovensko 
610 2 0 |a zabezpečenie sociálne 
610 2 0 |a Luxembursko 
610 2 0 |a zmluvy medzinárodné 
610 2 0 |a 2004